Statistics for best nba players

Click here to take the quiz!

General Stats

  • This quiz has been taken 7 times
  • The average score is 10 of 15

Answer Stats

HintAnswer% Correct
bullsjordan
100%
lakers-cavs-heatlebron
100%
bucks-lakerskareem
86%
lakerskobe
86%
celticslarry bird
86%
lakersmagic
86%
celticsbill russell
71%
jazzkarl malone
71%
nets-okc-warriorskevin durant
71%
sixersmoses malon
71%
spurstim duncan
71%
lakersshaq
57%
warriors-lakerswilt
57%
rocketshakeem
29%
bucksoscar
0%

Score Distribution

Percentile by Number Answered

Percent of People with Each Score

Your Score History

You have not taken this quiz